Kości głowy i szyi - Statystyki

Ogólne statystyki
  • Ten quiz został rozwiązany 144 razy
  • Średni wynik to 11 z 18
Statystyki odpowiedzi
Lokalizacja Ilość Nazwa % Poprawnych
1 Kość potyliczna
92%
2 Kość skroniowa
90%
Mózgoczaszka 1 Kość czołowa
88%
1 Żuchwa
82%
2 Kość ciemnieniowa
80%
Trzewioczaszka 2 Kość nosowa
78%
2 Szczęka
75%
1 Kość klinowa
67%
2 Kość jarzmowa
65%
2 Kowadełko
65%
2 Kość łzowa
61%
Kosteczki słuchowe 2 Młoteczek
61%
2 Strzemiączko
61%
1 Kość sitowa
49%
Kość szyi 1 Kość gnykowa
39%
1 Lemiesz
33%
2 Kość podniebienna
31%
2 Małżowina nosowa dolna
22%
Nie znaleziono quizów pasujących do podanych kryteriów
Rozkład punktacji
Procent ludzi z każdym wynikiem
Percentyl według liczby udzielonych odpowiedzi
Twoja historia wyników
Nie rozwiązałeś tego quizu